Statistics for Countries, US States, Capitals, Elements, 100 Most Common Words: A + B + xy = C #6

Click here to take the quiz!

General Stats

  • This quiz has been taken 48 times
  • The average score is 30 of 40

Answer Stats

ANSWER% Correct
All
100%
Any
100%
Can
100%
Cuba
100%
Her
100%
Him
100%
Not
100%
One
100%
One
100%
Our
100%
Zinc
100%
Its
97%
About
95%
Neon
89%
i
78%
u
78%
Zirconium
78%
Other
73%
Serbia
73%
Antimony
68%
Baton Rouge
68%
g
68%
m
68%
m
68%
s
68%
Bucharest
62%
Minnesota
62%
r
62%
s
62%
s
62%
t
62%
i
59%
m
59%
Thallium
59%
a
49%
Charleston
49%
u
49%
Buenos Aires
43%
l
43%
t
43%

Score Distribution

Percentile by Number Answered

Percent of People with Each Score

Your Score History

You have not taken this quiz